Tayc-Realize - Statistiques

Statistiques générales
  • Ce quiz a été pris 31 fois
  • Le résultat moyen est 161 sur 213
Statistiques - réponses
Réponse % Correct
je
100%
à
93%
le
93%
de
87%
baby
87%
et
87%
fait
87%
j'ai
87%
mon
87%
nous
87%
pour
87%
realize
87%
ta
87%
un
87%
années
80%
ça
80%
des
80%
des
80%
du
80%
guise
80%
la
80%
les
80%
moi
80%
ne
80%
ouais
80%
pas
80%
pu
80%
qu'à
80%
que
80%
sais
80%
te
80%
tu
80%
you
80%
adn
73%
coeur
73%
comme
73%
compte
73%
concret
73%
dents
73%
femme
73%
heures
73%
i'm
73%
j'suis
73%
j't'ai
73%
l'ai
73%
mentais
73%
m'prends
73%
n'es
73%
oh
73%
paris
73%
pensais
73%
porte
73%
potes
73%
pris
73%
quand
73%
qu'j
73%
qu'je
73%
qu'tu
73%
rentré
73%
sang
73%
serré
73%
sers
73%
sué
73%
t'appelle
73%
t'as
73%
t'es
73%
tes
73%
t'inquiète
73%
ton
73%
trompé
73%
veux
73%
acquise
67%
better
67%
big
67%
boy
67%
comment
67%
comprendre
67%
comprennes
67%
créé
67%
croit
67%
dans
67%
élèments
67%
évidemment
67%
faire
67%
fermé
67%
jeu
67%
misé
67%
monde
67%
now
67%
puis
67%
ressens
67%
ressentes
67%
rôde
67%
sur
67%
tout
67%
avec
60%
bitcoin
60%
bloqué
60%
ce
60%
espèce
60%
gagneras
60%
j’essaie
60%
j'essaie
60%
pleurer
60%
propre
60%
rigole
60%
sale
60%
voir
60%
boss
53%
cheating
53%
juste
53%
lumière
53%
pure
53%
s'allume
53%
donnais
47%
phéromone
47%
pourquoi
47%
purs
47%
vas-y
47%
dis-moi
40%
explique-moi
40%
Aucun quiz correspondant
Distribution des résultats
% des personnes avec chaque résultat
Percentile par nombre de réponses
Votre historique - résultats
Vous n’avez pas pris ce quiz